03062cam a22010934i 4500003000900000005001700009008004100026020001800067035002700085040003300112082002000145100002800165245012800193264002700321300004400348336002100392337002500413338002300438505083400461526000901295526000901304526000901313526000901322526000901331526000901340526000901349526000901358526000901367526000901376526000901385526000901394526000901403526000901412526000901421526000901430526000901439526000901448526000901457526000901466526000901475526000901484526000901493526000901502526000901511526000901520526000901529526000901538526000901547526000901556526000901565526000901574526000901583526000901592526000901601526000901610526000901619526000801628526000801636526000801644526000801652526000801660526000801668526000801676526000801684526000801692526000801700526000801708526000801716526000801724526000801732526000801740526000801748526000801756526000801764526000801772526000801780526000801788526000801796526000801804526000801812526000801820526000801828526000801836526000801844526000801852526000801860526000801868526000801876526000801884526000801892526000801900541001701908650004301925PE-LiUPU20250813185629.0150706s                r     000 0     d  a9788498742589  a(Sirsi) i9788498742589  aPE-LiUPUbspacPE-LiUPUerda04a372.52bB392211 aBernfels, Alex,eautor.10aEscuela de dibujo para pequeños artistas :baprende a dibujar paso a paso de forma fácil y divertida /cAlex Bernfels . 1aMadrid :bDRAC,c2009.  a77 páginas :bilustraciones ;c27 cm.  atext2rdacontent  aunmediated2rdamedia  avolume2rdacarrier0 aSobre este libro -- Oruga de bucles -- Bosque con picos -- Perro con ángulos -- Peces con ángulos -- Pollitos con círculos -- Perro anguloso -- gato redondo -- Pato pequeño -- Pato grande -- Burrito -- Liebre -- Hámster -- Conejillo de Indias -- Mariposa -- Lagarto -- Pany -- Vaca -- Casa -- .e iglesia -- Coche -- Camión -- Coche de bomberos -- Bombero -- Ovejita -- Pastor -- Lechuza -- Cervatillo -- Abeto -- Árbol -- Osito de peluche -- Enanito -- Sol -- . luna y estrellas -- Fresa -- Manzana y pera -- Pequeño elefante -- León -- Plátano -- Palmeara -- Papagayo -- Hipopótamo -- Flores -- Trébol -- Corazón -- Delfín -- Caballito de mar -- Pez -- Pingüino -- Pelícano -- Bebé foca -- Barco velero -- Pequeño pirata -- Príncipe -- . y princesa -- Avión -- Otros títulos publicados.  aP202  aP201  aP163  aP162  aP161  aP160  aP148  aP147  aP146  aP145  aP144  aP143  aP142  aP141  aP140  aP139  aP138  aP137  aP136  aP135  aP134  aP133  aP129  aP128  aP127  aP120  aP119  aP118  aP116  aP115  aP114  aP110  aP109  aP108  aP104  aP103  aP102  aP99  aP98  aP97  aP96  aP95  aP93  aP90  aP89  aP88  aP83  aP82  aP62  aP59  aP58  aP57  aP51  aP49  aP48  aP47  aP29  aP24  aP20  aP19  aP17  aP15  aP14  aP12  aP10  aP09  aP08  aP07  aP06  aP05  aP04  aP01  g001-0037503;04aDibujoxTécnicavLiteratura juvenil.